Statistics for Semi-Independent Countries

Click here to take the quiz!

General Stats

  • This quiz has been taken 51 times
  • The average score is 12 of 30

Answer Stats

HintAnswer% Correct
ChinaHong Kong
78%
DenmarkGreenland
76%
-Macau
69%
UkraineCrimea
64%
GeorgiaAbkhazia
60%
-South Ossetia
60%
NetherlandsAruba
58%
Antigua and BarbudaBarbuda
58%
United KingdomScotland
58%
Norwegian TerritorySvalbard
58%
-Tibet
58%
-Northern Ireland
53%
TanzaniaZanzibar
53%
-Niue
51%
-Curacao
49%
ItalySardinia
44%
CanadaQuebec
42%
New Zealand TerritoryCook Islands
33%
-Martinique
33%
-Jersey
29%
-Tokelau
27%
-Inner Mongolia
24%
-Corsica
22%
FranceFrench Polynesia
22%
IndonesiaPapua
22%
SomaliaPuntland
18%
-Adjara
9%
RussiaKarelia
9%
UzbekistanKarakalpakstan
7%
-Jewish Autonomous Oblast
4%

Score Distribution

Percentile by Number Answered

Percent of People with Each Score

Your Score History

You have not taken this quiz